000 00482nam a2200217Ia 4500
008 210210b1964 xxu||||| |||| 00| 0 eng d
041 _aeng
082 _a511/64
100 _aJACOBSON (N)
245 _aLectures in abstract algebra Vol II
260 _aNew Jersey
_bVan Nostrand Co.,
_c1964
440 _a2
650 _aVol
650 _aLectures
650 _ain
650 _aII
650 _aalgebra
650 _aabstract
690 _aAlgebra
906 _a007138
999 _c139475
_d139475